[Event "GER OS-178 email"]
[Site "GER email"]
[Date "2011.12.13"]
[Round "?"]
[White "Ernst, Christoph"]
[Black "Eife, Gunter"]
[Result "1/2-1/2"]
[WhiteElo "1963"]
[BlackElo "1792"]
[PlyCount "68"]
[EventDate "2011.12.18"]
[EventType "tourn (corr)"]
[EventRounds "6"]
[EventCountry "GER"]
[SourceTitle "Corr 2015"]
[Source "ChessBase"]
[SourceDate "2015.07.17"]
[SourceVersion "1"]
[SourceVersionDate "2015.07.17"]
[SourceQuality "1"]
[WhiteTeam "Germany"]
[BlackTeam "Germany"]
[WhiteTeamCountry "GER"]
[BlackTeamCountry "GER"]

1. e4 e5 2. Nf3 Nc6 3. Bb5 a6 4. Ba4 Nf6 5. 0-0 Be7 6. Re1 b5 7. Bb3 d6 8. c3 0-0 9. h3 Na5 10. Bc2 c5 11. d4 Qc7 12. Nbd2 cxd4 13. cxd4 Nc6 14. Nb3 a5 15. Be3 a4 16. Nbd2 Ba6 17. Rc1 Qb7 18. Qe2 Rfc8 19. Bd3 Nb4 20. Bb1 Nc6 21. Bd3 Nb4 22. Rxc8+ Rxc8 23. dxe5 dxe5 24. Nxe5 Nxd3 25. Qxd3 b4 26. Qb1 Qc7 27. Nef3 h6 28. Nd4 Bc5 29. Nf5 Bxe3 30. Nxe3 Rd8 31. Nf3 Bd3 32. Qc1 Qxc1 33. Rxc1 Bxe4 34. Rc4 Bxf3 1/2-1/2

[Event "GER OS-178 email"]
[Site "GER email"]
[Date "2011.12.13"]
[Round "?"]
[White "Schwerdtfeger, Hans Georg"]
[Black "Ernst, Christoph"]
[Result "0-1"]
[WhiteElo "973"]
[BlackElo "1963"]
[PlyCount "27"]
[EventDate "2011.12.18"]
[EventType "tourn (corr)"]
[EventRounds "6"]
[EventCountry "GER"]
[SourceTitle "Corr 2020"]
[Source "ChessBase"]
[SourceDate "2019.09.30"]
[SourceVersion "1"]
[SourceVersionDate "2019.09.30"]
[SourceQuality "1"]

1. d4 Nf6 2. e3 g6 3. Nc3 Bg7 4. Bd3 d5 5. Bd2 0-0 6. h3 c5 7. dxc5 Nbd7 8. Nge2 Nxc5 9. Bb5 e5 10. b4 Ne6 11. Ng3 h5 12. Qf3 h4 13. Nge2 Ng5 14. Qxd5 0-1

[Event "GER OS-178 email"]
[Site "GER email"]
[Date "2011.12.13"]
[Round "?"]
[White "Skrodzki, Heinz Werner"]
[Black "Ernst, Christoph"]
[Result "0-1"]
[WhiteElo "1534"]
[BlackElo "1963"]
[PlyCount "32"]
[EventDate "2011.12.18"]
[EventType "tourn (corr)"]
[EventRounds "6"]
[EventCountry "GER"]
[SourceTitle "Corr 2015"]
[Source "ChessBase"]
[SourceDate "2015.07.17"]
[SourceVersion "1"]
[SourceVersionDate "2015.07.17"]
[SourceQuality "1"]
[WhiteTeam "Germany"]
[BlackTeam "Germany"]
[WhiteTeamCountry "GER"]
[BlackTeamCountry "GER"]

1. e4 e5 2. Nf3 Nc6 3. Bb5 a6 4. Ba4 Nf6 5. d3 d6 6. h3 b5 7. Bb3 Na5 8. 0-0 Be7 9. c3 Nxb3 10. axb3 c5 11. Nbd2 0-0 12. Nh2 d5 13. Qf3 Bb7 14. Re1 dxe4 15. Nxe4 Nxe4 16. dxe4 f5 0-1